00881cam a2200265 a 450000100100000000500170001000800410002702000150006804000300008308200200011310000380013324500540017126000330022530000210025849000160027965000270029565000280032265000340035065000300038483000250041491000290043904900090046895201230047799900150060000000716720200929154102.0900601s1990 sp 000 f fre  a8423318729 aDO-SdBNPbfrecDLCdBNPHU a849.9354bS159m1 aSaladrigas, Robert,d1940-91990110aMemorial de Claudi M. Broch /cRobert Saladrigas. aBarcelona :bDestino,c1990. a317 p. ;c21 cm.1 aNancovav29 4aNovela catalana919902 4aNovela española91123 4aVida religiosavNOVELA919903 4aLiteratura catalana93128 0aNancova ;v29919904 aCatalogación derivada. aBNGR 001052708MOaGRbGRcCTd2009-09-05iLF1l0o849.9354 S159mp7167-10r2020-06-25w2020-06-25y2ZPréstamo interno c6948d6948